• 首页
  • 本馆介绍
  • 公告通知
  • 最新文献
  • 馆藏检索
  • 电子资源
  • 读者导购
  • 参考咨询
  • 我的图书馆
  • 登录
  • 详细信息显示
  • 放入我的书架
  • 预约/预借图书
  • 作者相关作品
  • 分类相关作品
  • 丛书相关作品
  • 出版社相关作品

书目信息

  • 表格格式
  • 工作单格式
  • 卡片格式
题名:
甲骨文字学述要
    
 
作者: 邹晓丽 著
分册:  
出版信息: 长沙   岳麓书社  1999
页数: 263页
开本: 20cm
丛书名:
单 册:
中图分类: K877.14
科图分类:
主题词: 文物--考古--中国
电子资源:
ISBN: 7-80520-748-8
000 00585nam0 2200205 450
001 0738044152
005 20070730092550.18
010    @a7-80520-748-8@dCNY13.00
100    @a20070727d1999 km y0chiy0120 ea
101 0  @achi
102    @aCN@b430000
200 1  @a甲骨文字学述要@Ajia gu wen zi xue shu yao@f邹晓丽等著@Fzou xiao li deng zhu
210    @a长沙@c岳麓书社@d1999
215    @a263页@d20cm
300    @a献给甲骨文发现一百周年
606 0  @a文物@x考古@x中国
690    @aK877.14@v3
701  0 @a邹晓丽@Azou xiao li@4著
801  0 @aCN@bPFT@c20070730
905    @a10447@dK877.14@e248
    
    甲骨文字学述要/邹晓丽等著.-长沙:岳麓书社,1999
    263页;20cm
    献给甲骨文发现一百周年
    
    ISBN 7-80520-748-8:CNY13.00
    
●
相关链接 在E读中查询图书 在五车中查询图书 在当当中查询图书 在豆瓣中查询图书


正题名:甲骨文字学述要     索取号:K877.14/248         预约/预借

序号 登录号 条形码 馆藏地/架位号 状态 备注
1 0784615   207846152   第二样本阅览室/ [索取号:K877.14/248] 在馆    
唐山师范学院图书馆 欢迎您!
大连网信软件有限公司© 版权所有